000 00853cam a22002771 4500
999 _c6687
_d6687
001 6153
003 GBCCL
005 20241126110609.0
008 730522s1929 nyub b 00010 eng
010 _a 29009121
035 _aOCM00390819
040 _aDLC
_cDLC
_dm.c.
_dLBB
049 _aLBBK
050 0 _aBS491
_b.E5
082 _a220.7
_bABI
092 _bE36
100 1 _aEiselen, Frederick Carl,
_d1872-1937.
_911945
245 1 4 _aThe Abingdon Bible commentary /
_cedited by Frederick Carl Eiselen, Edwin Lewis and David G. Downey.
260 _aNew York :
_bAbingdon press,
_cc1929.
300 _axvi, 1452 p. :
_bmaps. ;
_c24 cm.
504 _aIncludes bibliographical references.
630 0 0 _aBible
_vCommentaries.
_9200
700 1 _aLewis, Edwin,
_d1881-
_96038
700 1 _aDowney, David George,
_d1858-1935.
_911946
942 _2ddc
_cREF